Guite Khangthu (History of Guite) (Record no. 5734)

MARC details
000 -LEADER
fixed length control field 00548nam a22001937a 4500
003 - CONTROL NUMBER IDENTIFIER
control field GBCCL
005 - DATE AND TIME OF LATEST TRANSACTION
control field 20241126110548.0
008 - FIXED-LENGTH DATA ELEMENTS--GENERAL INFORMATION
fixed length control field 180405b ||||| |||| 00| 0 eng d
040 ## - CATALOGING SOURCE
Transcribing agency gbc
082 ## - DEWEY DECIMAL CLASSIFICATION NUMBER
Classification number VER 305.8095417
Item number RGM
110 ## - MAIN ENTRY--CORPORATE NAME
Corporate name or jurisdiction name as entry element Raja Goukhothang Memorial Trust
9 (RLIN) 10356
245 ## - TITLE STATEMENT
Title Guite Khangthu (History of Guite)
250 ## - EDITION STATEMENT
Edition statement 2nd Ed.
260 ## - PUBLICATION, DISTRIBUTION, ETC.
Place of publication, distribution, etc. Lamka:
Name of publisher, distributor, etc. Laizom Society,
Date of publication, distribution, etc. 2008
300 ## - PHYSICAL DESCRIPTION
Extent 565 p.;
Other physical details ill.,
Dimensions 21 cm.
650 ## - SUBJECT ADDED ENTRY--TOPICAL TERM
Topical term or geographic name entry element Chiefdoms
Geographic subdivision India
-- Manipur
9 (RLIN) 10102
650 ## - SUBJECT ADDED ENTRY--TOPICAL TERM
Topical term or geographic name entry element Guite
Form subdivision History
Geographic subdivision Manipur
9 (RLIN) 10357
942 ## - ADDED ENTRY ELEMENTS (KOHA)
Source of classification or shelving scheme Dewey Decimal Classification
Koha item type Books
Koha issues (borrowed), all copies 3
Holdings
Withdrawn status Lost status Source of classification or shelving scheme Damaged status Not for loan Collection Home library Current Library Shelving location Date acquired Total checkouts Full call number Barcode Date last seen Copy number Price effective from Koha item type Date last checked out
    Dewey Decimal Classification       GRACE BIBLE COLLEGE GRACE BIBLE COLLEGE Vernacular 2018-04-05   VER 305.8095417 RGM 014058 2025-05-01 c.1 2018-04-05 Books  
    Dewey Decimal Classification       GRACE BIBLE COLLEGE GRACE BIBLE COLLEGE Vernacular 2018-04-05 3 VER 305.8095417 RGM 014061 2025-10-03 c.4 2018-04-05 Books 2025-09-29
    Dewey Decimal Classification       GRACE BIBLE COLLEGE GRACE BIBLE COLLEGE Vernacular 2018-04-05   VER 305.8095417 RGM 014059 2025-05-01 c.2 2018-04-05 Books  
    Dewey Decimal Classification       GRACE BIBLE COLLEGE GRACE BIBLE COLLEGE Vernacular 2018-04-05   VER 305.8095417 RGM 014062 2025-05-01 c.5 2018-04-05 Books  
    Dewey Decimal Classification       GRACE BIBLE COLLEGE GRACE BIBLE COLLEGE Vernacular 2018-05-24 1 VER 305.8095417 RGM 014060 2025-05-01 c.3 2018-05-24 Books 2022-05-09
© Grace Bible College Library 2025